[Event "Huddersfield 4NCL Open"]
[Site "Huddersfield"]
[Date "2025.01.18"]
[Round "2.19"]
[White "Pitel, Benedikt"]
[Black "Cook, Phil"]
[Result "0-1"]
[WhiteElo "1890"]
[BlackElo "2099"]
[PlyCount "110"]
[EventDate "2025.01.17"]
[EventType "swiss"]
[EventRounds "5"]
[EventCountry "ENG"]
[SourceTitle "BritBase"]
[Source "John Saunders"]
[SourceDate "2025.09.16"]
[SourceVersion "1"]
[SourceVersionDate "2025.09.16"]
[SourceQuality "1"]

1. e4 c5 2. c3 Nf6 3. e5 Nd5 4. d4 cxd4 5. Nf3 e6 6. cxd4 d6 7. Bc4 Nc6 8. O-O Be7 9. Bd2 O-O 10. Nc3 dxe5 11. dxe5 Nxc3 12. Bxc3 b6 13. Qe2 Bb7 14. Rfd1 Qc7 15. Rac1 Rac8 16. h3 Rfd8 17. Bb5 Rxd1+ 18. Rxd1 Rd8 19. Rd2 Nb4 20. Qc4 Qxc4 21. Bxc4 Nd5 22. Bd4 Bb4 23. Bxd5 Bxd5 24. Bc3 Bxc3 25. bxc3 Rc8 26. Rc2 h6 27. Nd4 Rc5 28. f4 Be4 29. Rc1 Ra5 30. Re1 Bd5 31. Ra1 Rc5 32. Ne2 g5 33. a4 Bc4 34. Nd4 gxf4 35. Nf3 Bd5 36. Ra3 Bxf3 37. gxf3 Rxe5 38. Kf2 Ra5 39. Ke2 b5 40. Rb3 bxa4 41. Ra3 Kf8 42. Kd3 Ke7 43. Kc4 Kd6 44. Kb4 Ra6 45. Kb5 Rb6+ 46. Kc4 Rc6+ 47. Kb4 Kd5 48. Ka5 Rc4 49. Ka6 e5 50. Kxa7 f5 51. Kb6 e4 52. Kb5 exf3 53. Ra2 Rxc3 54. Rxa4 Rb3+ 55. Ka5 Ke5 0-1

[Event "Huddersfield 4NCL Open"]
[Site "Huddersfield"]
[Date "2025.01.18"]
[Round "2.20"]
[White "Quaite, Toby"]
[Black "Nezis, Anastasios"]
[Result "1-0"]
[WhiteElo "2094"]
[BlackElo "1811"]
[PlyCount "107"]
[EventDate "2025.01.17"]
[EventType "swiss"]
[EventRounds "5"]
[EventCountry "ENG"]
[SourceTitle "BritBase"]
[Source "John Saunders"]
[SourceDate "2025.09.16"]
[SourceVersion "1"]
[SourceVersionDate "2025.09.16"]
[SourceQuality "1"]

1. Nf3 d6 2. g3 Nf6 3. Bg2 e5 4. O-O Be7 5. d3 O-O 6. c4 Nbd7 7. a3 c6 8. Nc3 Ne8 9. e4 a5 10. Be3 f5 11. exf5 Rxf5 12. d4 Rf8 13. Qc2 exd4 14. Bxd4 Bf6 15. Rad1 Bxd4 16. Rxd4 Nc5 17. b4 Bf5 18. Qb2 axb4 19. axb4 Na4 20. Nxa4 Rxa4 21. Qb3 Qa8 22. Nh4 Ra3 23. Qd1 Qa4 24. Qe2 Qc2 25. Qxc2 Bxc2 26. Rc1 Ba4 27. b5 g5 28. Rg4 h6 29. Ng6 Rf7 30. Re1 Nf6 31. Rd4 Kg7 32. Ne7 d5 33. bxc6 bxc6 34. cxd5 cxd5 35. Nxd5 Rd7 36. Ne3 Rxd4 37. Nf5+ Kg6 38. Nxd4 Rd3 39. Nf3 Rd1 40. Rxd1 Bxd1 41. Nd4 g4 42. Bc6 Ng8 43. Kf1 Ne7 44. Bb5 Kf6 45. Ke1 Ke5 46. Kxd1 Kxd4 47. Bd7 h5 48. Be8 Ke4 49. Ke2 Nf5 50. Bg6 Ke5 51. Bxh5 Nd4+ 52. Ke3 Nc2+ 53. Kd2 Nd4 54. Bxg4 1-0

[Event "Huddersfield 4NCL Open"]
[Site "Huddersfield"]
[Date "2025.01.18"]
[Round "2.21"]
[White "Waterfield, Mark B"]
[Black "Kanyamarala, Trisha"]
[Result "0-1"]
[WhiteElo "1917"]
[BlackElo "2279"]
[PlyCount "80"]
[EventDate "2025.01.17"]
[EventType "swiss"]
[EventRounds "5"]
[EventCountry "ENG"]
[SourceTitle "BritBase"]
[Source "John Saunders"]
[SourceDate "2025.09.16"]
[SourceVersion "1"]
[SourceVersionDate "2025.09.16"]
[SourceQuality "1"]

1. e4 c5 2. Nf3 e6 3. d4 cxd4 4. Nxd4 a6 5. Bd3 b5 6. O-O Bb7 7. Be3 Nc6 8. a4 b4 9. Nd2 Nf6 10. Nxc6 dxc6 11. f4 c5 12. b3 Be7 13. g4 h5 14. gxh5 Qc7 15. Qe2 Nxh5 16. e5 Ng3 17. Qg4 Nxf1 18. Rxf1 O-O-O 19. Be4 Bxe4 20. Nxe4 Qc6 21. Qf3 Qd5 22. Rc1 f6 23. f5 exf5 24. Qxf5+ Kb7 25. c4 Qxe5 26. Nxc5+ Bxc5 27. Qxe5 fxe5 28. Bxc5 a5 29. Rf1 Kc6 30. Be7 Rd3 31. Bf8 Rxb3 32. Bxg7 Rg8 33. Rf7 Rh3 34. Kf1 Rh7 35. Rf6+ Kc5 36. Bf8+ Kxc4 37. Bd6 Kd5 38. Bf8 Rxh2 39. Rd6+ Ke4 40. Bh6 b3 0-1

[Event "Huddersfield 4NCL Open"]
[Site "Huddersfield"]
[Date "2025.01.18"]
[Round "2.22"]
[White "Booth, Steven B"]
[Black "Patel, Keatan"]
[Result "1-0"]
[WhiteElo "1999"]
[BlackElo "2090"]
[PlyCount "47"]
[EventDate "2025.01.17"]
[EventType "swiss"]
[EventRounds "5"]
[EventCountry "ENG"]
[SourceTitle "BritBase"]
[Source "John Saunders"]
[SourceDate "2025.09.16"]
[SourceVersion "1"]
[SourceVersionDate "2025.09.16"]
[SourceQuality "1"]

1. d4 d5 2. c4 e6 3. Nf3 Nf6 4. Nc3 c6 5. Bg5 h6 6. Bh4 dxc4 7. e4 g5 8. Bg3 b5 9. Ne5 Bb7 10. h4 Bg7 11. hxg5 hxg5 12. Rxh8+ Bxh8 13. Nxf7 Kxf7 14. e5 Nd5 15. Qh5+ Kg7 16. Ne4 Na6 17. Nxg5 Qg8 18. Be2 Nab4 19. Bg4 Nc7 20. O-O-O Kf8 21. Bh4 Nbd5 22. Nh7+ Kg7 23. Bf6+ Nxf6 24. exf6# 1-0

[Event "Huddersfield 4NCL Open"]
[Site "Huddersfield"]
[Date "2025.01.18"]
[Round "2.23"]
[White "Burke, Mitchell R"]
[Black "Cast, Julian"]
[Result "0-1"]
[WhiteElo "2076"]
[BlackElo "2005"]
[PlyCount "58"]
[EventDate "2025.01.17"]
[EventType "swiss"]
[EventRounds "5"]
[EventCountry "ENG"]
[SourceTitle "BritBase"]
[Source "John Saunders"]
[SourceDate "2025.09.16"]
[SourceVersion "1"]
[SourceVersionDate "2025.09.16"]
[SourceQuality "1"]

1. e4 d6 2. Nc3 Nf6 3. f4 c6 4. Nf3 Bg4 5. h3 Bxf3 6. Qxf3 e6 7. d3 d5 8. Bd2 Be7 9. g4 d4 10. Ne2 Qb6 11. O-O-O c5 12. g5 Nfd7 13. h4 Nc6 14. Bh3 O-O-O 15. Ng3 c4 16. dxc4 Nc5 17. Bf1 d3 18. c3 Na5 19. Rh2 Nxc4 20. Be1 d2+ 21. Rdxd2 Rxd2 22. Rxd2 Nxd2 23. Bxd2 Rd8 24. Bc4 Qd6 25. Nf1 Qc6 26. Ng3 f5 27. gxf6 gxf6 28. Qe2 Kb8 29. Bb5 Qd6 0-1

[Event "Huddersfield 4NCL Open"]
[Site "Huddersfield"]
[Date "2025.01.18"]
[Round "2.24"]
[White "Rich, Aaron"]
[Black "Garnett, John S"]
[Result "1-0"]
[WhiteElo "2057"]
[BlackElo "1994"]
[PlyCount "93"]
[EventDate "2025.01.17"]
[EventType "swiss"]
[EventRounds "5"]
[EventCountry "ENG"]
[SourceTitle "BritBase"]
[Source "John Saunders"]
[SourceDate "2025.09.16"]
[SourceVersion "1"]
[SourceVersionDate "2025.09.16"]
[SourceQuality "1"]

1. e4 d5 2. exd5 Nf6 3. Bb5+ Nbd7 4. d4 Nxd5 5. Nf3 c6 6. Be2 Qc7 7. c4 Nf4 8. O-O e6 9. Nc3 Nf6 10. Ne5 Nxe2+ 11. Qxe2 Be7 12. Bf4 Qb6 13. Rad1 O-O 14. c5 Qd8 15. Nc4 Nd5 16. Bg3 b6 17. Ne5 Bb7 18. Nxd5 Qxd5 19. b3 Rad8 20. h3 Bf6 21. Rfe1 Bc8 22. Nf3 bxc5 23. Bc7 cxd4 24. Bxd8 Rxd8 25. Ne5 c5 26. Ng4 Bb7 27. f3 Bh4 28. Rf1 Qd6 29. Ne5 Ba6 30. Nc4 Qg3 31. Rd3 Bb7 32. Qe5 Qg6 33. Rfd1 Qg5 34. Qxg5 Bxg5 35. Kf2 Ba6 36. g3 Be3+ 37. Kg2 Rb8 38. g4 Bxc4 39. bxc4 Rb2+ 40. Kh1 Rxa2 41. Rxe3 g6 42. Re5 Ra5 43. Kg2 Kf8 44. Re2 Ra4 45. Rc2 Ke7 46. Rb1 d3 47. Rd2 1-0

[Event "Huddersfield 4NCL Open"]
[Site "Huddersfield"]
[Date "2025.01.18"]
[Round "2.25"]
[White "Collinson, Mark I"]
[Black "Rughani, Mahin"]
[Result "1-0"]
[WhiteElo "1989"]
[BlackElo "2055"]
[PlyCount "61"]
[EventDate "2025.01.17"]
[EventType "swiss"]
[EventRounds "5"]
[EventCountry "ENG"]
[SourceTitle "BritBase"]
[Source "John Saunders"]
[SourceDate "2025.09.16"]
[SourceVersion "1"]
[SourceVersionDate "2025.09.16"]
[SourceQuality "1"]

1. d4 c6 2. c4 d5 3. Nf3 Nf6 4. g3 e6 5. Bg2 Nbd7 6. Nc3 Bd6 7. O-O O-O 8. Nd2 Bc7 9. e4 dxc4 10. Nxc4 Nb6 11. Nxb6 Bxb6 12. Be3 Re8 13. e5 Nd5 14. Ne4 Bc7 15. Qh5 f6 16. exf6 Nxf6 17. Nxf6+ gxf6 18. Rfe1 Re7 19. Rad1 Bd7 20. Bh6 Qe8 21. Qh4 Qf7 22. Bf3 Be8 23. Bg4 Ba5 24. Re3 f5 25. Bxf5 Bd7 26. Be4 Bd8 27. Rf3 Qe8 28. Qg5+ Kh8 29. Qf6+ Kg8 30. Qf8+ Qxf8 31. Rxf8# 1-0

[Event "Huddersfield 4NCL Open"]
[Site "Huddersfield"]
[Date "2025.01.18"]
[Round "2.26"]
[White "Burke, Alex"]
[Black "Ter-Gevorkian, Aram"]
[Result "0-1"]
[WhiteElo "1952"]
[BlackElo "2045"]
[PlyCount "48"]
[EventDate "2025.01.17"]
[EventType "swiss"]
[EventRounds "5"]
[EventCountry "ENG"]
[SourceTitle "BritBase"]
[Source "John Saunders"]
[SourceDate "2025.09.16"]
[SourceVersion "1"]
[SourceVersionDate "2025.09.16"]
[SourceQuality "1"]

1. d4 Nf6 2. c4 e6 3. Nc3 d5 4. cxd5 exd5 5. Bg5 Nbd7 6. e3 c6 7. Bd3 Be7 8. Nf3 h6 9. Bf4 Qa5 10. O-O g5 11. Be5 g4 12. Nd2 Nxe5 13. dxe5 Ne4 14. Ndxe4 dxe4 15. Be2 Qxe5 16. Bxg4 h5 17. Bxc8 Rxc8 18. Qa4 f5 19. Qxa7 Bd6 20. g3 Bc5 21. Qxb7 Rc7 22. Qb3 h4 23. Ne2 hxg3 24. hxg3 Rch7 0-1

[Event "Huddersfield 4NCL Open"]
[Site "Huddersfield"]
[Date "2025.01.18"]
[Round "2.27"]
[White "Longson, Sarah N"]
[Black "Keely, Leo A"]
[Result "1/2-1/2"]
[WhiteElo "2044"]
[BlackElo "1959"]
[PlyCount "143"]
[EventDate "2025.01.17"]
[EventType "swiss"]
[EventRounds "5"]
[EventCountry "ENG"]
[SourceTitle "BritBase"]
[Source "John Saunders"]
[SourceDate "2025.09.16"]
[SourceVersion "1"]
[SourceVersionDate "2025.09.16"]
[SourceQuality "1"]

1. e4 e5 2. Nf3 Nf6 3. Nc3 Bb4 4. Bc4 d6 5. d3 Be6 6. Bxe6 fxe6 7. Bd2 Nc6 8. Ne2 Bc5 9. c3 Bb6 10. Ng3 Qe7 11. b4 O-O 12. O-O Kh8 13. Qe2 Rae8 14. a4 a6 15. b5 axb5 16. axb5 Nb8 17. Be3 Nbd7 18. Bxb6 Nxb6 19. Ra7 Rb8 20. Rfa1 Qd7 21. c4 h6 22. Qb2 c5 23. bxc6 Qxc6 24. c5 Nc8 25. R7a5 b6 26. Rb5 Kh7 27. cxd6 Nxd6 28. Rb3 Nd7 29. Rc1 Qa4 30. Ra1 Qc6 31. Rc3 Qb5 32. Rb3 Qc6 33. Rb1 Rbc8 34. Nxe5 Nxe5 35. Qxe5 Nf7 36. Qb2 Qc2 37. Rxb6 Qxd3 38. Qe2 Qd4 39. Qb2 Qd3 40. Qe2 Qd4 41. h4 Ne5 42. Rxe6 Rc3 43. Nf5 Qd3 44. Qxd3 Nxd3 45. Re7 Kh8 46. f3 Ra8 47. Rxg7 Nf4 48. Rgb7 Rc2 49. R7b2 Rxb2 50. Rxb2 Ra1+ 51. Kh2 Kh7 52. Kg3 Nh5+ 53. Kg4 Nf6+ 54. Kf4 Nh5+ 55. Ke5 Ra5+ 56. Kd4 Ra4+ 57. Kc3 Nf4 58. Rb7+ Kh8 59. Nxh6 Nxg2 60. h5 Nf4 61. Nf7+ Kh7 62. h6 Ra3+ 63. Kd4 Ne2+ 64. Ke5 Ra5+ 65. Kf6 Ra6+ 66. Ke7 Nd4 67. Nd8 Kxh6 68. Rd7 Nxf3 69. Nf7+ Kh5 70. Rd3 Ra7+ 71. Ke6 Rxf7 72. Kxf7 1/2-1/2

[Event "Huddersfield 4NCL Open"]
[Site "Huddersfield"]
[Date "2025.01.18"]
[Round "2.28"]
[White "Hepworth, Peter"]
[Black "Cuaresma, Gerald"]
[Result "1-0"]
[WhiteElo "2027"]
[BlackElo "1951"]
[PlyCount "73"]
[EventDate "2025.01.17"]
[EventType "swiss"]
[EventRounds "5"]
[EventCountry "ENG"]
[SourceTitle "BritBase"]
[Source "John Saunders"]
[SourceDate "2025.09.16"]
[SourceVersion "1"]
[SourceVersionDate "2025.09.16"]
[SourceQuality "1"]

1. d4 Nf6 2. Nf3 g6 3. c4 c5 4. d5 e6 5. Nc3 exd5 6. cxd5 d6 7. e4 Bg7 8. Bb5+ Bd7 9. a4 O-O 10. O-O Na6 11. Bf4 Bg4 12. h3 Bxf3 13. Qxf3 Nb4 14. Qe2 a6 15. Bc4 Re8 16. f3 Nh5 17. Bh2 Qh4 18. g4 Bd4+ 19. Kg2 Ng7 20. Bxd6 Rad8 21. Bg3 Qf6 22. Qd2 Be5 23. Bxe5 Qxe5 24. Rad1 Ne6 25. f4 Qb8 26. f5 Nd4 27. f6 Qd6 28. a5 Re5 29. Rf2 Kh8 30. Bd3 Nxd3 31. Qxd3 Nb3 32. Ne2 Nxa5 33. Ng1 Ree8 34. Nf3 Nc6 35. Qe3 Ne5 36. Qh6 Qf8 37. Qxf8+ 1-0

[Event "Huddersfield 4NCL Open"]
[Site "Huddersfield"]
[Date "2025.01.18"]
[Round "2.29"]
[White "Hopkins, Kit W"]
[Black "Graham, Oliver"]
[Result "1-0"]
[WhiteElo "2011"]
[BlackElo "1878"]
[PlyCount "97"]
[EventDate "2025.01.17"]
[EventType "swiss"]
[EventRounds "5"]
[EventCountry "ENG"]
[SourceTitle "BritBase"]
[Source "John Saunders"]
[SourceDate "2025.09.16"]
[SourceVersion "1"]
[SourceVersionDate "2025.09.16"]
[SourceQuality "1"]

1. Nf3 d5 2. g3 Nc6 3. d4 Bg4 4. Bg2 Nf6 5. O-O e6 6. c4 dxc4 7. Qa4 Bd6 8. Qxc4 O-O 9. Nc3 a6 10. e4 e5 11. d5 Na5 12. Qd3 b5 13. b3 Nb7 14. Be3 Nd7 15. h3 Nbc5 16. Qc2 Bxf3 17. Bxf3 b4 18. Ne2 Qe7 19. Rac1 Rfc8 20. Bg4 Rd8 21. a4 a5 22. Bxd7 Nxd7 23. Kg2 Re8 24. Rfe1 Kh8 25. g4 g6 26. Ng3 Rf8 27. Bh6 Rfe8 28. Nf1 g5 29. Ne3 Rg8 30. Nf5 Qf6 31. h4 gxh4 32. f3 Nc5 33. Be3 Nd7 34. Rh1 Rae8 35. Rxh4 Rg6 36. Rch1 Nf8 37. Bh6 Kg8 38. Kf1 Rxh6 39. Nxh6+ Kh8 40. Nf5 Qg5 41. Ke2 c5 42. Nxd6 Re7 43. Qxc5 Qf4 44. Qe3 Qg3 45. Nc4 Ng6 46. Rxh7+ Kg8 47. R7h2 Nf4+ 48. Kd2 Rc7 49. Qf2 1-0

[Event "Huddersfield 4NCL Open"]
[Site "Huddersfield"]
[Date "2025.01.18"]
[Round "3.1"]
[White "Raju, Sooraj Menothuparam"]
[Black "Gormally, Daniel W"]
[Result "1/2-1/2"]
[WhiteElo "2270"]
[BlackElo "2468"]
[PlyCount "119"]
[EventDate "2025.01.17"]
[EventType "swiss"]
[EventRounds "5"]
[EventCountry "ENG"]
[SourceTitle "BritBase"]
[Source "John Saunders"]
[SourceDate "2025.09.16"]
[SourceVersion "1"]
[SourceVersionDate "2025.09.16"]
[SourceQuality "1"]

1. e4 c5 2. Nc3 Nc6 3. g3 g6 4. Bg2 Bg7 5. d3 e6 6. Be3 d6 7. Nge2 Nge7 8. Qd2 Nd4 9. O-O O-O 10. a3 Bd7 11. b4 b6 12. Rab1 Bc6 13. g4 f5 14. gxf5 exf5 15. Nf4 fxe4 16. dxe4 Qd7 17. f3 Qb7 18. Nce2 Bb5 19. a4 Bc4 20. Rf2 Nec6 21. c3 Nxe2+ 22. Nxe2 Ne5 23. bxc5 dxc5 24. Bxc5 Rfd8 25. Bd4 Nd3 26. Rff1 Nc5 27. Qe3 Bxe2 28. Qxe2 Bxd4+ 29. cxd4 Rxd4 30. a5 Rad8 31. axb6 axb6 32. Qb5 Qc7 33. Qxb6 Qxb6 34. Rxb6 Rd2 35. Rfb1 Nd3 36. Rb8 Nf4 37. Rxd8+ Rxd8 38. Kf2 Kg7 39. Bf1 Kf6 40. Ke3 g5 41. h4 h6 42. Rb6+ Kg7 43. hxg5 hxg5 44. Kf2 Rd2+ 45. Kg3 Rd1 46. Bc4 Rg1+ 47. Kf2 Rc1 48. Be6 Rc2+ 49. Ke1 Ng2+ 50. Kf1 Ne3+ 51. Kg1 Rg2+ 52. Kh1 Rg3 53. Rb7+ Kf6 54. Bb3 Ke5 55. Rf7 g4 56. fxg4 Nxg4 57. Bd5 Nf6 58. Kh2 Re3 59. Kg2 Nxd5 60. exd5 1/2-1/2

[Event "Huddersfield 4NCL Open"]
[Site "Huddersfield"]
[Date "2025.01.18"]
[Round "3.2"]
[White "Kanyamarala, Tarun"]
[Black "Okhai, Shabir"]
[Result "1/2-1/2"]
[WhiteElo "2451"]
[BlackElo "2265"]
[PlyCount "80"]
[EventDate "2025.01.17"]
[EventType "swiss"]
[EventRounds "5"]
[EventCountry "ENG"]
[SourceTitle "BritBase"]
[Source "John Saunders"]
[SourceDate "2025.09.16"]
[SourceVersion "1"]
[SourceVersionDate "2025.09.16"]
[SourceQuality "1"]

1. d4 Nf6 2. Nf3 e6 3. e3 c5 4. Bd3 d5 5. O-O c4 6. Be2 b5 7. b3 Bb7 8. a4 a6 9. c3 Nbd7 10. Nfd2 Qc7 11. Ba3 Rb8 12. axb5 axb5 13. Bxf8 Nxf8 14. Na3 Bc6 15. Nc2 Ng6 16. Nb4 Bb7 17. Ra7 O-O 18. Qc2 Rfc8 19. Rfa1 Qb6 20. Qa2 Ne8 21. bxc4 bxc4 22. e4 Nf4 23. Bf1 Nc7 24. g3 Ng6 25. Bxc4 dxe4 26. Rb1 Nb5 27. Bxb5 Qxb5 28. Na6 Qe2 29. Nxb8 e3 30. Ne4 Qxa2 31. Rxa2 Bxe4 32. Rb4 Rxc3 33. fxe3 Rc1+ 34. Kf2 Rh1 35. Nd7 h5 36. Rab2 Rxh2+ 37. Kg1 Rh1+ 38. Kf2 Rh2+ 39. Ke1 Rh1+ 40. Kf2 Rh2+ 1/2-1/2

[Event "Huddersfield 4NCL Open"]
[Site "Huddersfield"]
[Date "2025.01.18"]
[Round "3.3"]
[White "Sowray, Peter J"]
[Black "Townsend, M Paul"]
[Result "1-0"]
[WhiteElo "2281"]
[BlackElo "2257"]
[PlyCount "101"]
[EventDate "2025.01.17"]
[EventType "swiss"]
[EventRounds "5"]
[EventCountry "ENG"]
[SourceTitle "BritBase"]
[Source "John Saunders"]
[SourceDate "2025.09.16"]
[SourceVersion "1"]
[SourceVersionDate "2025.09.16"]
[SourceQuality "1"]

1. d4 Nf6 2. c4 e6 3. Nf3 b6 4. g3 Bb7 5. Bg2 Be7 6. O-O O-O 7. Qc2 c5 8. d5 exd5 9. Ng5 Nc6 10. cxd5 Nb4 11. Qd1 Nbxd5 12. e4 Nc7 13. Nc3 Nfe8 14. h4 b5 15. Qc2 h6 16. Nh7 Kxh7 17. e5+ Kg8 18. Bxb7 Rb8 19. Bg2 d5 20. exd6 Nxd6 21. Be3 Ne6 22. Nd5 Nc4 23. Rad1 Bf6 24. b3 Nb6 25. Nf4 Bd4 26. Nxe6 fxe6 27. Bxd4 cxd4 28. Qe4 Qf6 29. Rxd4 Rbd8 30. Rxd8 Rxd8 31. Bh3 e5 32. Bf5 Rd4 33. Qc2 Nd7 34. Bxd7 Rxd7 35. Qc5 a6 36. Re1 Re7 37. Rd1 e4 38. Rd6 Qa1+ 39. Kg2 Re8 40. Qd5+ Kh8 41. Rxa6 Qe1 42. Ra8 Rxa8 43. Qxa8+ Kh7 44. Qd5 Qe2 45. Qf5+ Kg8 46. a4 b4 47. a5 Qd3 48. Qe6+ Kh7 49. a6 e3 50. Qxe3 Qxa6 51. Qe4+ 1-0

[Event "Huddersfield 4NCL Open"]
[Site "Huddersfield"]
[Date "2025.01.18"]
[Round "3.4"]
[White "Larchikov, Maksym"]
[Black "Hebden, Mark L"]
[Result "1/2-1/2"]
[WhiteElo "2187"]
[BlackElo "2444"]
[PlyCount "256"]
[EventDate "2025.01.17"]
[EventType "swiss"]
[EventRounds "5"]
[EventCountry "ENG"]
[SourceTitle "BritBase"]
[Source "John Saunders"]
[SourceDate "2025.09.16"]
[SourceVersion "1"]
[SourceVersionDate "2025.09.16"]
[SourceQuality "1"]

1. d4 Nf6 2. c4 g6 3. Nc3 Bg7 4. Nf3 O-O 5. g3 d6 6. Bg2 c5 7. O-O Nc6 8. dxc5 dxc5 9. Be3 b6 10. Ne5 Nxe5 11. Qxd8 Rxd8 12. Bxa8 Bh3 13. Bg2 Bxg2 14. Kxg2 Nxc4 15. Bc1 Ne8 16. Rd1 Ned6 17. Nd5 Kf8 18. Rb1 Nf5 19. b3 Ncd6 20. Bb2 Bxb2 21. Rxb2 Ne4 22. Nc3 Rd6 23. Rxd6 Nexd6 24. Rd2 h5 25. e3 e6 26. h3 Ke7 27. g4 hxg4 28. hxg4 Nh4+ 29. Kg3 g5 30. f3 f6 31. Kf2 Ng6 32. e4 a6 33. Ke3 b5 34. Rd1 Nf7 35. Rc1 Nge5 36. Nxb5 axb5 37. Rxc5 b4 38. Rc7+ Kd6 39. Rb7 Kc5 40. Rc7+ Kb6 41. Rc8 Nd6 42. Rf8 Nd7 43. Rd8 Kc7 44. Ra8 Nb8 45. a3 Kb7 46. Ra4 bxa3 47. Rxa3 Nc6 48. Ra1 Kc7 49. Rh1 e5 50. Ra1 Nb5 51. Ra8 Kd7 52. Ra6 Nbd4 53. b4 Kc7 54. Ra8 Kd6 55. Ra6 Kd7 56. Kf2 Kc7 57. Ra8 Nb8 58. Ra7+ Kc6 59. Ra8 Kb7 60. Ra1 Nd7 61. Rh1 Kc7 62. Ra1 Nb6 63. Ra7+ Kd6 64. Ra6 Kc6 65. Ra7 Nb5 66. Ra5 Nd7 67. Ra8 Kb7 68. Rd8 Kc7 69. Ra8 Nd4 70. Ra7+ Kc8 71. Ra8+ Kb7 72. Rd8 Kc7 73. Ra8 Nc6 74. b5 Nd4 75. Ra7+ Kc8 76. Ra5 Kb7 77. Ke3 Nc5 78. b6 Kxb6 79. Ra8 Kc7 80. Rf8 Nd7 81. Re8 Kd6 82. Ra8 Nc5 83. Ra7 Nc6 84. Ra8 Ne6 85. Ra6 Nc7 86. Rb6 Kd7 87. Rb7 Nd4 88. Rb8 Ne8 89. Rb7+ Ke6 90. Ra7 Nc2+ 91. Kd3 Nb4+ 92. Ke3 Nd6 93. Rc7 Nb5 94. Rb7 Nd4 95. Ra7 Nbc6 96. Rb7 Na5 97. Rc7 Kd6 98. Rf7 Nc4+ 99. Kd3 Nb2+ 100. Kd2 Ke6 101. Rc7 Kd6 102. Rf7 Nc4+ 103. Kd3 Ke6 104. Rh7 Nd6 105. Ke3 Nf7 106. Rg7 Ke7 107. Kf2 Ne6 108. Rg8 Nfd8 109. Rh8 Nf8 110. Rh1 Ng6 111. Ra1 Nh4 112. Ra7+ Kd6 113. Ra6+ Ke7 114. Ra7+ Ke6 115. Ra6+ Kf7 116. Ra7+ Kg6 117. Ra6 Nb7 118. Rc6 Na5 119. Rc3 Kf7 120. Ke2 Ke6 121. Ra3 Nc6 122. Ra6 Kd7 123. Ke3 Kc7 124. Ra8 Kd7 125. Ra6 Nd4 126. Ra7+ Ke6 127. Ra6+ Kf7 128. Ra7+ Kg6 1/2-1/2

[Event "Huddersfield 4NCL Open"]
[Site "Huddersfield"]
[Date "2025.01.18"]
[Round "3.5"]
[White "Wells, Peter K"]
[Black "Peart, Alan"]
[Result "1-0"]
[WhiteElo "2443"]
[BlackElo "2125"]
[PlyCount "77"]
[EventDate "2025.01.17"]
[EventType "swiss"]
[EventRounds "5"]
[EventCountry "ENG"]
[SourceTitle "BritBase"]
[Source "John Saunders"]
[SourceDate "2025.09.16"]
[SourceVersion "1"]
[SourceVersionDate "2025.09.16"]
[SourceQuality "1"]

1. d4 Nf6 2. Nf3 g6 3. c4 Bg7 4. Nc3 O-O 5. e4 d6 6. Be2 Nbd7 7. O-O e5 8. Be3 Qe7 9. Qc2 c6 10. Rad1 Re8 11. d5 c5 12. a3 Ng4 13. Bg5 f6 14. Bd2 f5 15. Ng5 Ndf6 16. Ne6 Bxe6 17. dxe6 Qxe6 18. exf5 gxf5 19. h3 Nh6 20. Nb5 Ne4 21. Bf3 Nf7 22. Bxe4 fxe4 23. Nc7 Qg6 24. Nxa8 Rxa8 25. Kh1 Rb8 26. Rfe1 b5 27. Qxe4 bxc4 28. Bc3 Qe6 29. f4 Rd8 30. Rd5 Kh8 31. Qxc4 Qg6 32. fxe5 Rg8 33. exd6 Nxd6 34. Bxg7+ Rxg7 35. Qg4 Qf7 36. Qf3 Qg6 37. Red1 Nf7 38. Rxc5 h6 39. Rc8+ 1-0

[Event "Huddersfield 4NCL Open"]
[Site "Huddersfield"]
[Date "2025.01.18"]
[Round "3.6"]
[White "Pilley, Jack"]
[Black "Davies, Nigel R"]
[Result "1/2-1/2"]
[WhiteElo "2115"]
[BlackElo "2376"]
[PlyCount "104"]
[EventDate "2025.01.17"]
[EventType "swiss"]
[EventRounds "5"]
[EventCountry "ENG"]
[SourceTitle "BritBase"]
[Source "John Saunders"]
[SourceDate "2025.09.16"]
[SourceVersion "1"]
[SourceVersionDate "2025.09.16"]
[SourceQuality "1"]

1. e4 e5 2. Nc3 Nf6 3. f4 d5 4. fxe5 Nxe4 5. Qf3 Nxc3 6. bxc3 c5 7. Bb5+ Bd7 8. Bxd7+ Qxd7 9. Ne2 Nc6 10. d4 O-O-O 11. O-O f6 12. exf6 gxf6 13. Be3 Rg8 14. Ng3 Rg6 15. Nf5 cxd4 16. cxd4 Ne7 17. Nxe7+ Bxe7 18. c4 Qg4 19. Qxg4+ Rxg4 20. c5 Rdg8 21. g3 Re4 22. Rae1 Bd8 23. Rf5 Ba5 24. Re2 Rd8 25. Rxf6 Bc3 26. Rf4 Bxd4 27. Rxe4 dxe4 28. Bxd4 Rxd4 29. Kf2 Kd7 30. Ke3 Ra4 31. Rb2 Kc6 32. g4 Kd5 33. Rxb7 Ra3+ 34. Ke2 Rxa2+ 35. Ke3 Ra3+ 36. Ke2 Rh3 37. Rd7+ Kxc5 38. Rxa7 Kd4 39. Rd7+ Ke5 40. Rf7 Rxh2+ 41. Ke3 Rh3+ 42. Ke2 h6 43. Rf8 Rh4 44. Re8+ Kf4 45. Rf8+ Kxg4 46. Ke3 Kg3 47. Rg8+ Kh2 48. Rg6 h5 49. Rg5 Rh3+ 50. Kxe4 h4 51. Rg4 Kh1 52. Kf4 Kh2 1/2-1/2

[Event "Huddersfield 4NCL Open"]
[Site "Huddersfield"]
[Date "2025.01.18"]
[Round "3.7"]
[White "Ganti, Shriaansh"]
[Black "Badacsonyi, Frankie"]
[Result "1/2-1/2"]
[WhiteElo "2036"]
[BlackElo "2308"]
[PlyCount "56"]
[EventDate "2025.01.17"]
[EventType "swiss"]
[EventRounds "5"]
[EventCountry "ENG"]
[SourceTitle "BritBase"]
[Source "John Saunders"]
[SourceDate "2025.09.16"]
[SourceVersion "1"]
[SourceVersionDate "2025.09.16"]
[SourceQuality "1"]

1. e4 c5 2. Nf3 d6 3. d4 cxd4 4. Nxd4 Nf6 5. Nc3 Nc6 6. Bg5 Bd7 7. Qd2 Nxd4 8. Qxd4 h6 9. Be3 e5 10. Qd3 a6 11. Be2 Qa5 12. O-O Rc8 13. Nd5 Nxd5 14. exd5 Bb5 15. Qf5 Bd7 16. Qd3 Be7 17. c4 b5 18. b3 O-O 19. Rfc1 bxc4 20. bxc4 Bg5 21. Bxg5 hxg5 22. Qe3 g4 23. Qg5 Rc5 24. Bxg4 Bxg4 25. Qxg4 Rfc8 26. Rc2 Qa4 27. Rac1 Rb8 28. h3 Rb4 1/2-1/2

[Event "Huddersfield 4NCL Open"]
[Site "Huddersfield"]
[Date "2025.01.18"]
[Round "3.8"]
[White "Nakara, Husain"]
[Black "Chan, Sheng Liang Bernard"]
[Result "1-0"]
[WhiteElo "2283"]
[BlackElo "2178"]
[PlyCount "133"]
[EventDate "2025.01.17"]
[EventType "swiss"]
[EventRounds "5"]
[EventCountry "ENG"]
[SourceTitle "BritBase"]
[Source "John Saunders"]
[SourceDate "2025.09.16"]
[SourceVersion "1"]
[SourceVersionDate "2025.09.16"]
[SourceQuality "1"]

1. e4 c5 2. c3 d5 3. exd5 Qxd5 4. d4 Nf6 5. Nf3 e6 6. Be3 cxd4 7. cxd4 Bb4+ 8. Nc3 Qa5 9. Qb3 O-O 10. Bd3 Nc6 11. O-O Bd6 12. Nb5 Bb8 13. Rfd1 a6 14. Na3 b5 15. Bg5 Bb7 16. Bxf6 gxf6 17. d5 Nd8 18. dxe6 Nxe6 19. Bf5 Ng7 20. Nd4 Nxf5 21. Nxf5 b4 22. Qh3 Kh8 23. Nc4 Qc5 24. Rac1 Rg8 25. Ncd6 Bxd6 26. Rxc5 Bxg2 27. Qh4 Bh3+ 28. Ng3 Bxc5 29. Qxf6+ Rg7 30. Rd8+ Rxd8 31. Qxd8+ Rg8 32. Qf6+ Rg7 33. Qh4 Be6 34. Qd8+ Rg8 35. Qf6+ Rg7 36. Kf1 Kg8 37. Qd8+ Bf8 38. Nh5 Rg6 39. f4 Bh3+ 40. Kf2 Bf5 41. Nf6+ Kg7 42. Ne8+ Kg8 43. Qd4 Bb1 44. Nf6+ Kh8 45. Nd7+ Bg7 46. Qxb4 h6 47. Qc4 Kg8 48. Ne5 Bxe5 49. fxe5 Re6 50. Qd5 Kg7 51. a4 Bc2 52. Qd4 Kh7 53. Qf4 Kg7 54. Ke3 Bxa4 55. Qg4+ Kf8 56. Qxa4 Rxe5+ 57. Kf4 Re6 58. Kf5 Rg6 59. h4 Re6 60. Qc4 Kg7 61. h5 Rf6+ 62. Ke5 Rb6 63. Qg4+ Kh7 64. b4 Kh8 65. Qd4 Re6+ 66. Kd5+ Kh7 67. Qg4 1-0